| 000 | 01211nam a2200229Ia 4500 | ||
|---|---|---|---|
| 003 | Ost | ||
| 005 | 20260507075128.0 | ||
| 008 | 260507s9999||||xx |||||||||||||| ||und|| | ||
| 020 | _a9703409960 | ||
| 040 | _cfsecg | ||
| 041 | _aara | ||
| 082 | _a330 | ||
| 100 |
_aدوبونو، إدوارد _eمؤلف |
||
| 245 | 0 |
_aأنماط النجاح في التجارة والإدارة : _bأحذية العمل الستة / _c إدوارد دوبونو |
|
| 260 |
_aالرياض: _bمكتبة العبيكان, _c2005 |
||
| 300 |
_a234 صفحة؛ _bإيضاحات ؛ _c21 سم |
||
| 520 | _aستة أزواج من أحذية العمل- ستة أساليب للعمل- حذاء البحرية الرسمي- الحذاء الرياضي الرمادي- الحذاء البني المتين- الجزمة المطاطية البرتقالية- الحف الوردي- جزمة ركوب الخيل الأرجوانية- الجمع بين الأحذية- العمل وليس الوصف- بسيط وعملي- اللغة والمصطلحات- تلخيص أنماط العمل. | ||
| 653 | _aالإدارة | ||
| 653 | _aالتجارة | ||
| 700 |
_aالعيتي، ياسر _eمؤلف ثانوي |
||
| 942 | _cكتاب | ||
| 999 |
_c43179 _d43179 |
||